|
|
|
|
| LEADER |
00000nab a2200000 a 4500 |
| 001 |
vtls009467036 |
| 003 |
SK-MaSNL |
| 005 |
20260303044541.0 |
| 008 |
171110 2009 xo w n 000 0 slo |
| 038 |
|
|
|a SLLK
|
| 040 |
|
|
|a SLLK
|b slo
|c sllk
|e AACR2
|
| 041 |
0 |
|
|a slo
|
| 044 |
|
|
|a xo
|c SK
|
| 080 |
|
|
|a 796.325
|2 2001
|
| 245 |
0 |
0 |
|a Úspešný vstup do odvetnej časti
|c Text (J.S.) ; foto (mv)
|
| 300 |
|
|
|b Fotogr.
|
| 610 |
2 |
7 |
|a VKM Stará Ľubovňa
|2 snkbucl
|9 1033757
|
| 648 |
|
7 |
|a 2009
|2 snkbucl
|9 320114
|
| 650 |
0 |
7 |
|a šport
|2 snkbucl
|9 1042
|
| 650 |
0 |
7 |
|a volejbal
|x muži
|2 snkbucl
|9 839257
|
| 651 |
|
7 |
|a Stará Ľubovňa (Slovensko)
|2 snkbucl
|9 19193
|
| 773 |
0 |
|
|t Ľubovnianske noviny
|g Roč. XXXV, č. 2 (2009), s. 8
|
| 852 |
|
|
|a SLLK
|b KIS3GCP
|
| 999 |
|
|
|c 1700725
|d 1702655
|